000 00314nam a22001337a 4500
008 181010b xxu||||| |||| 00| 0 eng d
020 _a0412143003
041 _aeng
080 _a311
100 _a55
101 _aSTA
245 _aMultivariate Analysis in Behavioural Research
_cMaxwell,A.E
942 _2udc
_cBK
999 _c49262
_d49262